000 00842nam a2200253Ia 4500
003 OSt
005 20220923215120.0
006 a|||||r|||| 00| 0
007 ta
008 220922b |||||||| |||| 00| 0 hin d
024 _a175,731
037 _cTextual
040 _aARTS
_cARTS
_bhin
041 _2hin
_ahin
082 _aO152,1xN3, K6
100 _aजैन, माणिक्यचन्द्र, संपा.
245 0 _aसरस कविता कुंज
246 _aSaras kavitā kuanja
260 _aअजमेर
_b कृष्ण ब्रदर्स
_c1966
300 _a128 पृ.
_ccm.
650 _aहिन्दी साहित्य
_9156264
942 _hO152,1xN3, K6
_cTEXL
_2CC
999 _c329433
_d329433